Service America in the new economy

Bibliographic Details
Main Author: Albrecht, Karl
Other Authors: Zemke, Ron
Format: Book
Published: New York : McGraw Hill Co., Inc. , 2001
Subjects:

MARC

LEADER 00000cam a2200000 7i4500
001 0000061364
005 20020924.0
020 |a 0071377220 
090 0 0 |a 658.00973   |b ALB 
100 1 |a Albrecht, Karl 
245 1 0 |a Service America in the new economy   |c Karl Albrecht and Ron Zemke 
260 |a New York :   |b McGraw Hill Co., Inc. ,   |c 2001 
300 |a 303p. ;   |c 24cm. 
650 0 0 |a Service industries   |z United States   |x Management 
650 0 0 |a United States   |x Economic conditions   |y 1981- 
700 1 |a Zemke, Ron 
999 |a 00145375   |b BUKU   |c PINJAMAN   |e PERPUSTAKAAN KOMUNITI PETALING JAYA